Folclor costarricense (Registro nro. 169)
[ vista simple ]
| 000 -CABECERA | |
|---|---|
| campo de control de longitud fija | 00523aam a2200205 4500 |
| 005 - FECHA Y HORA DE ACTUALIZACIÓN | |
| campo de control | 20191126110109.0 |
| 008 - LONGITUD FIJA | |
| campo de control de longitud fija | 150721b xxu||||| |||| 00| 0 spa d |
| 041 ## - IDIOMA | |
| Código de idioma del texto/pista de sonido o título separado | |
| 082 ## - CLASIFICACIÓN DECIMAL DEWEY | |
| Número de clasificación | 390 R173f |
| 100 ## - AUTOR PERSONAL | |
| Nombre de persona | Ramírez Sáizar, José |
| 245 ## - TÍTULO PROPIAMENTE DICHO | |
| Título | Folclor costarricense |
| 260 ## - PIE DE IMPRENTA | |
| Lugar de publicación, distribución, etc. | Costa Rica |
| 260 ## - PIE DE IMPRENTA | |
| Nombre del editor, distribuidor, etc. | Jiménez y Tanzi |
| 260 ## - PIE DE IMPRENTA | |
| Fecha de publicación, distribución, etc. | 1986 |
| 300 ## - DESCRIPCIÓN FÍSICA | |
| Extensión | 212 páginas |
| 650 ## - Materia General | |
| Materia general | FOLCLOR COSTARRICENSE |
| 650 ## - Materia General | |
| Materia general | COSTA RICA |
| 650 ## - Materia General | |
| Materia general | VIDA SOCIAL Y COSTUMBRES |
| 942 ## - Punto de Acceso Adicional Koha | |
| Tipo de ítem Koha | Libro |
| Estado perdido | Estado dañado | No para préstamo | Biblioteca permanente | Biblioteca actual | Signatura completa | Código de barras | Precio efectivo a partir del | Tipo de ítem |
|---|---|---|---|---|---|---|---|---|
| Departamento de Biblioteca y Documentación Alfonso Chase Brenes | Departamento de Biblioteca y Documentación Alfonso Chase Brenes | 390 R173f | 661 | 23/08/2016 | Libro | |||
| Departamento de Biblioteca y Documentación Alfonso Chase Brenes | Departamento de Biblioteca y Documentación Alfonso Chase Brenes | 390 R173f | 666 | 23/08/2016 | Libro | |||
| Departamento de Biblioteca y Documentación Alfonso Chase Brenes | Departamento de Biblioteca y Documentación Alfonso Chase Brenes | 390 R173f | 3269 | 23/08/2016 | Libro | |||
| Departamento de Biblioteca y Documentación Alfonso Chase Brenes | Departamento de Biblioteca y Documentación Alfonso Chase Brenes | 390 R173f | 3270 | 23/08/2016 | Libro |